[Event "Arvier Grand Paradis op-A"]
[Site "Arvier"]
[Date "2016.07.29"]
[Round "6"]
[White "Gromovs, Sergejs"]
[Black "Caputi, Nicola"]
[Result "1-0"]
[WhiteElo "2159"]
[BlackElo "1942"]
[PlyCount "73"]
[EventDate "2016.07.24"]
[EventType "swiss"]
[EventRounds "6"]
[EventCountry "ITA"]
[SourceTitle "EXT 2017"]
[Source "ChessBase"]
[SourceDate "2016.10.25"]
[SourceVersion "1"]
[SourceVersionDate "2016.10.25"]
[SourceQuality "1"]

1. d4 Nf6 2. c4 e6 3. Nf3 b6 4. a3 Ba6 5. Qc2 Bb7 6. Nc3 c5 7. d5 exd5 8. cxd5 d6 9. e4 g6 10. Bf4 a6 11. a4 Bg7 12. Bd3 0-0 13. h3 Re8 14. 0-0 Qc7 15. Nd2 Nh5 16. Bh2 Nd7 17. g4 Nhf6 18. Nc4 Bf8 19. f4 Rad8 20. Qg2 Qb8 21. e5 b5 22. axb5 axb5 23. Nxd6 Bxd6 24. exd6 b4 25. Nb5 Nxd5 26. Qd2 N7b6 27. f5 Re3 28. Nc7 Rxh3 29. fxg6 fxg6 30. Qf2 Rf8 31. Qxf8+ Qxf8 32. Rxf8+ Kxf8 33. Rf1+ Kg7 34. Ne6+ Kh6 35. g5+ Kh5 36. Be2+ Kh4 37. Rf7 1-0

[Event "Arvier Grand Paradis op-A"]
[Site "Arvier"]
[Date "2016.07.28"]
[Round "5"]
[White "Caputi, Nicola"]
[Black "Ciuffoletti, Paolo"]
[Result "0-1"]
[WhiteElo "1942"]
[BlackElo "2142"]
[PlyCount "134"]
[EventDate "2016.07.24"]
[EventType "swiss"]
[EventRounds "6"]
[EventCountry "ITA"]
[SourceTitle "EXT 2017"]
[Source "ChessBase"]
[SourceDate "2016.10.25"]
[SourceVersion "1"]
[SourceVersionDate "2016.10.25"]
[SourceQuality "1"]

1. c4 g6 2. Nc3 Bg7 3. g3 e5 4. Bg2 d6 5. d3 f5 6. e3 Nf6 7. Nge2 0-0 8. 0-0 c6 9. b3 a5 10. Ba3 Na6 11. Qd2 Re8 12. Rad1 Nc7 13. d4 e4 14. Bb2 b5 15. cxb5 cxb5 16. Rc1 b4 17. Na4 Nfd5 18. Ba1 Ba6 19. Rfe1 Bb5 20. Bf1 Bxa4 21. bxa4 Qd7 22. Qc2 Rec8 23. Qc6 Qxc6 24. Rxc6 Ne7 25. Rc2 Ncd5 26. Rec1 Nb6 27. Nf4 Nxa4 28. Rc7 Nb6 29. Bc4+ Nxc4 30. Rxe7 Nxe3 31. Rcc7 Rxc7 32. Rxc7 Ng4 33. Ne6 Bf6 34. h3 Nh6 35. Bb2 a4 36. a3 Re8 37. Nf4 bxa3 38. Bxa3 Bxd4 39. Rc4 Be5 40. Nd5 Ra8 41. Kg2 Ra5 42. Ne7+ Kg7 43. Nc6 Ra8 44. Nb4 Nf7 45. Rc6 Ra7 46. Nd5 Ra5 47. Ne7 Bd4 48. Rc8 Rb5 49. Ra8 Kf6 50. Nc8 Rb3 51. Rxa4 Bc5 52. Bc1 Rb8 53. Na7 Ra8 54. Be3 Rxa7 55. Rxa7 Bxa7 56. Bxa7 Ke5 57. Kf1 Kd5 58. Ke2 Kc4 59. Ke3 Ne5 60. Bb8 Nf7 61. g4 d5 62. gxf5 gxf5 63. Ba7 Ne5 64. Kf4 Nc6 65. Bb6 d4 66. Kxf5 e3 67. Bxd4 Nxd4+ 0-1

[Event "Arvier Grand Paradis op-A"]
[Site "Arvier"]
[Date "2016.07.27"]
[Round "4"]
[White "Nester, Ihor"]
[Black "Caputi, Nicola"]
[Result "1-0"]
[WhiteElo "2300"]
[BlackElo "1942"]
[PlyCount "53"]
[EventDate "2016.07.24"]
[EventType "swiss"]
[EventRounds "6"]
[EventCountry "ITA"]
[SourceTitle "EXT 2017"]
[Source "ChessBase"]
[SourceDate "2016.10.25"]
[SourceVersion "1"]
[SourceVersionDate "2016.10.25"]
[SourceQuality "1"]

1. Nf3 c5 2. c4 Nf6 3. Nc3 e6 4. g3 b6 5. Bg2 Bb7 6. 0-0 Be7 7. Re1 a6 8. e4 d6 9. d4 cxd4 10. Nxd4 Qc7 11. Be3 0-0 12. Rc1 Nbd7 13. f4 Rfe8 14. f5 Bf8 15. fxe6 fxe6 16. Bh3 Nc5 17. b4 Ncxe4 18. Nxe4 Bxe4 19. Nxe6 Qd7 20. Bd4 d5 21. Bxf6 gxf6 22. Rxe4 Bxb4 23. Qxd5 Qf7 24. Rg4+ Kh8 25. Rg7 Bc5+ 26. Qxc5 Qxe6 27. Rxh7+ 1-0

[Event "Arvier Grand Paradis op-A"]
[Site "Arvier"]
[Date "2016.07.26"]
[Round "3"]
[White "Lezzerini, Marco"]
[Black "Caputi, Nicola"]
[Result "1-0"]
[WhiteElo "2083"]
[BlackElo "1942"]
[PlyCount "69"]
[EventDate "2016.07.24"]
[EventType "swiss"]
[EventRounds "6"]
[EventCountry "ITA"]
[SourceTitle "EXT 2017"]
[Source "ChessBase"]
[SourceDate "2016.10.25"]
[SourceVersion "1"]
[SourceVersionDate "2016.10.25"]
[SourceQuality "1"]

1. d4 Nf6 2. c4 e6 3. g3 d5 4. Nf3 c6 5. Bg2 Be7 6. 0-0 0-0 7. Nbd2 Nbd7 8. Qc2 b6 9. e4 Ba6 10. e5 Ne8 11. Re1 Rc8 12. cxd5 cxd5 13. Qa4 Nb8 14. Nf1 Qd7 15. Qd1 Nc6 16. Ne3 Nb4 17. Bf1 Bxf1 18. Rxf1 f6 19. h4 Nc6 20. Ng4 f5 21. Ne3 Nc7 22. Ng2 Na5 23. Bg5 Nc4 24. Bxe7 Qxe7 25. b3 Na3 26. Nf4 g6 27. Rc1 Ncb5 28. Qd3 Qd7 29. h5 Kg7 30. hxg6 h6 31. Nh4 Rg8 32. Nh5+ Kf8 33. Qe3 Rg7 34. Rxc8+ Qxc8 35. Qxh6 1-0

[Event "Arvier Grand Paradis op-A"]
[Site "Arvier"]
[Date "2016.07.25"]
[Round "2"]
[White "Caputi, Nicola"]
[Black "Vuelban, Virgilio"]
[Result "0-1"]
[WhiteElo "1942"]
[BlackElo "2313"]
[PlyCount "58"]
[EventDate "2016.07.24"]
[EventType "swiss"]
[EventRounds "6"]
[EventCountry "ITA"]
[SourceTitle "EXT 2017"]
[Source "ChessBase"]
[SourceDate "2016.10.25"]
[SourceVersion "1"]
[SourceVersionDate "2016.10.25"]
[SourceQuality "1"]

1. c4 Nf6 2. g3 e6 3. Bg2 d5 4. Nf3 dxc4 5. Qa4+ Nbd7 6. Qxc4 c5 7. d3 a6 8. Qb3 Bd6 9. a4 Rb8 10. 0-0 b6 11. Nbd2 Bb7 12. Nc4 Bc7 13. e4 0-0 14. Bd2 b5 15. axb5 axb5 16. Ne3 c4 17. dxc4 Nc5 18. Qxb5 Nfxe4 19. Ba5 Bxa5 20. Qxa5 Qf6 21. Ng4 Qxb2 22. Rab1 Qc3 23. Qxc3 Nxc3 24. Ra1 Rfc8 25. Ne3 Nb3 26. Ra7 Bxf3 27. Bxf3 Nd2 28. Rc1 Nxf3+ 29. Kg2 Ne2 0-1

[Event "Lignano Sabbiadoro op 1st"]
[Site "Lignano Sabbiadoro"]
[Date "2015.08.08"]
[Round "9.11"]
[White "Caputi, Nicola"]
[Black "Simonetto, Adriano"]
[Result "0-1"]
[WhiteElo "1983"]
[BlackElo "2065"]
[PlyCount "56"]
[EventDate "2015.08.01"]
[EventType "swiss"]
[EventRounds "9"]
[EventCountry "ITA"]
[SourceTitle "EXT 2024"]
[Source "ChessBase"]
[SourceDate "2023.10.10"]
[SourceVersion "1"]
[SourceVersionDate "2023.10.10"]
[SourceQuality "1"]

1. c4 e6 2. g3 d5 3. Bg2 Nf6 4. Nf3 dxc4 5. Qa4+ Nbd7 6. Qxc4 a6 7. 0-0 b5 8. Qc2 Bb7 9. b3 Bd6 10. Bb2 c5 11. d3 0-0 12. Nbd2 Qb6 13. e4 Be7 14. a4 Rac8 15. h3 Rfd8 16. axb5 axb5 17. Kh2 Nb8 18. Ne5 Nfd7 19. Ndf3 Nxe5 20. Nxe5 f6 21. Nf3 Nc6 22. Rfd1 e5 23. Bc3 Ra8 24. Ne1 Nd4 25. Qb2 Qe6 26. Rxa8 Rxa8 27. Bxd4 cxd4 28. Rc1 Ba3 0-1

[Event "Ischia op 4th"]
[Site "Ischia"]
[Date "2012.07.27"]
[Round "5"]
[White "Melich, Jindrich"]
[Black "Caputi, Nicola"]
[Result "1/2-1/2"]
[WhiteElo "2104"]
[BlackElo "2029"]
[PlyCount "67"]
[EventDate "2012.07.22"]
[EventType "swiss"]
[EventRounds "7"]
[EventCountry "ITA"]
[SourceTitle "EXT 2014"]
[Source "ChessBase"]
[SourceDate "2013.11.20"]
[SourceVersion "1"]
[SourceVersionDate "2013.11.20"]
[SourceQuality "1"]

1. b4 d5 2. Bb2 Nf6 3. e3 e6 4. b5 Nbd7 5. c4 Be7 6. Nf3 0-0 7. Be2 c6 8. a4 a5 9. 0-0 Ne4 10. Nc3 Ndf6 11. cxd5 cxd5 12. d4 Bd7 13. Nxe4 Nxe4 14. Rc1 Qb6 15. Ne5 Rfd8 16. Rc2 Be8 17. Bd3 f6 18. Nf3 Bh5 19. Qb1 Bd6 20. Nd2 f5 21. f3 Nxd2 22. Rxd2 Rac8 23. Rc1 h6 24. Rxc8 Rxc8 25. Rc2 Rxc2 26. Qxc2 Qd8 27. Bc3 Bc7 28. Be2 Qd6 29. g3 Be8 30. Bd2 Bd7 31. Qc5 b6 32. Qxd6 Bxd6 33. f4 g5 34. Kf2 1/2-1/2

[Event "Ischia op 4th"]
[Site "Ischia"]
[Date "2012.07.26"]
[Round "4"]
[White "Caputi, Nicola"]
[Black "Chiang, Michael"]
[Result "1/2-1/2"]
[WhiteElo "2029"]
[BlackElo "2144"]
[PlyCount "58"]
[EventDate "2012.07.22"]
[EventType "swiss"]
[EventRounds "7"]
[EventCountry "ITA"]
[SourceTitle "EXT 2014"]
[Source "ChessBase"]
[SourceDate "2013.11.20"]
[SourceVersion "1"]
[SourceVersionDate "2013.11.20"]
[SourceQuality "1"]

1. c4 e5 2. g3 Nf6 3. Bg2 d5 4. cxd5 Nxd5 5. Nc3 Nb6 6. Nf3 Nc6 7. 0-0 Be7 8. a3 0-0 9. b4 Re8 10. d3 Bf8 11. Rb1 Bg4 12. Re1 Nd4 13. Nxd4 exd4 14. Ne4 a5 15. Nc5 axb4 16. axb4 Bxc5 17. bxc5 Na4 18. Qc2 Nc3 19. Rxb7 Nxe2+ 20. Kf1 Nc3 21. Rxe8+ Qxe8 22. Bb2 Qe5 23. Rb4 Re8 24. Bxc3 Qe2+ 25. Qxe2 Bxe2+ 26. Ke1 Bf3+ 27. Kf1 Be2+ 28. Ke1 Bf3+ 29. Kf1 Be2+ 1/2-1/2

[Event "Ischia op 4th"]
[Site "Ischia"]
[Date "2012.07.22"]
[Round "1"]
[White "Caputi, Nicola"]
[Black "Kutirov, Rolando"]
[Result "0-1"]
[WhiteElo "2029"]
[BlackElo "2324"]
[PlyCount "96"]
[EventDate "2012.07.22"]
[EventType "swiss"]
[EventRounds "7"]
[EventCountry "ITA"]
[SourceTitle "EXT 2014"]
[Source "ChessBase"]
[SourceDate "2013.11.20"]
[SourceVersion "1"]
[SourceVersionDate "2013.11.20"]
[SourceQuality "1"]

1. c4 c6 2. g3 d5 3. Bg2 Nf6 4. Nf3 e6 5. 0-0 Be7 6. d3 0-0 7. b3 b6 8. Bb2 Bb7 9. Nbd2 c5 10. Qc2 Nc6 11. a3 Qc7 12. e4 dxe4 13. dxe4 e5 14. Nh4 g6 15. Rfe1 Rad8 16. Nf1 Nd4 17. Bxd4 cxd4 18. Nd2 a5 19. Qb2 Nd7 20. Nhf3 Nc5 21. Bf1 f5 22. exf5 Rxf5 23. b4 Na4 24. Qb3 Nc3 25. c5+ Bd5 26. Bc4 bxc5 27. bxa5 Kg7 28. Bxd5 Rxd5 29. Qb6 Bd8 30. Qxc7+ Bxc7 31. Nh4 Rf6 32. Nc4 e4 33. Ng2 g5 34. a4 Ra6 35. f3 Bxa5 36. fxe4 Rd8 37. e5 Bb4 38. a5 d3 39. Nge3 Ne2+ 40. Kg2 Bxe1 41. Rxe1 Kg6 42. Rd1 Nc3 43. Rd2 Ne4 44. Rd1 Rd4 45. Kf1 Ra8 46. Ra1 d2 47. Nb2 Nc3 48. a6 Re4 0-1

[Event "Condino op"]
[Site "Condino"]
[Date "2009.07.29"]
[Round "4"]
[White "Gastaldello, Lorenzo"]
[Black "Caputi, Nicola"]
[Result "1/2-1/2"]
[WhiteElo "1620"]
[BlackElo "2053"]
[PlyCount "55"]
[EventDate "2009.07.27"]
[EventType "swiss"]
[EventRounds "7"]
[EventCountry "ITA"]
[SourceTitle "CBM 131 Extra"]
[Source "ChessBase"]
[SourceDate "2009.09.03"]
[SourceVersion "2"]
[SourceVersionDate "2009.09.16"]
[SourceQuality "1"]

1. Nf3 Nf6 2. g3 g6 3. Bg2 Bg7 4. 0-0 d5 5. d4 0-0 6. c3 c6 7. Nbd2 Nbd7 8. Re1 e5 9. dxe5 Ng4 10. e4 dxe4 11. Nxe4 Ndxe5 12. Nd6 Qb6 13. Qe2 c5 14. Nxe5 Nxe5 15. Nxc8 Raxc8 16. Be3 Nc6 17. Rad1 Qa5 18. a3 b6 19. Rd2 Qa4 20. Bh3 f5 21. Bg2 Ne5 22. Bd5+ Kh8 23. Bh6 Bxh6 24. Qxe5+ Bg7 25. Qe2 Rfe8 26. Qd1 Rxe1+ 27. Qxe1 Re8 28. Re2 1/2-1/2

[Event "Condino op"]
[Site "Condino"]
[Date "2009.07.28"]
[Round "3"]
[White "Caputi, Nicola"]
[Black "Facchetti, Lorenzo"]
[Result "1/2-1/2"]
[WhiteElo "2053"]
[BlackElo "1807"]
[PlyCount "42"]
[EventDate "2009.07.27"]
[EventType "swiss"]
[EventRounds "7"]
[EventCountry "ITA"]
[SourceTitle "CBM 131 Extra"]
[Source "ChessBase"]
[SourceDate "2009.09.03"]
[SourceVersion "2"]
[SourceVersionDate "2009.09.16"]
[SourceQuality "1"]

1. c4 e6 2. Nf3 d5 3. b3 Nf6 4. g3 Nbd7 5. Bb2 c6 6. Bg2 Qb6 7. Qc2 Be7 8. 0-0 0-0 9. d3 Re8 10. e4 dxe4 11. dxe4 e5 12. Nxe5 Nxe5 13. Bxe5 Ng4 14. Bb2 Bc5 15. Nc3 f5 16. h3 Nxf2 17. Na4 Nxe4+ 18. Kh2 Qa5 19. Rae1 Rd8 20. Rxe4 fxe4 21. Qxe4 Bf8 1/2-1/2

[Event "ITA-ch qual"]
[Site "Saint Vincent"]
[Date "2008.07.27"]
[Round "9"]
[White "Caputi, Nicola"]
[Black "Bussa, Paolo"]
[Result "1-0"]
[WhiteElo "2012"]
[BlackElo "1912"]
[PlyCount "59"]
[EventDate "2008.07.19"]
[EventType "swiss"]
[EventRounds "9"]
[EventCountry "ITA"]
[SourceTitle "EXT 2009"]
[Source "ChessBase"]
[SourceDate "2008.11.26"]
[SourceVersion "1"]
[SourceVersionDate "2008.11.26"]
[SourceQuality "1"]

1. c4 Nf6 2. Nf3 e6 3. g3 d5 4. b3 Be7 5. Bg2 Nbd7 6. Bb2 b6 7. 0-0 Bb7 8. e3 0-0 9. Nc3 c5 10. Qe2 a6 11. Rac1 Rc8 12. Rfd1 Qc7 13. d3 Rfd8 14. Ba1 Qb8 15. e4 d4 16. Nb1 Ng4 17. Nxd4 Nde5 18. Nc2 Bf6 19. f4 Nxd3 20. Rxd3 Rxd3 21. Qxd3 Rd8 22. Qe2 Bxa1 23. Nxa1 Qd6 24. Nc2 h5 25. h3 Nh6 26. e5 Qc7 27. Bxb7 Qxb7 28. Nc3 Nf5 29. Ne4 Qc6 30. Kh2 1-0

[Event "ITA-ch qual"]
[Site "Saint Vincent"]
[Date "2008.07.25"]
[Round "7"]
[White "Caputi, Nicola"]
[Black "Tomio, Dante"]
[Result "1-0"]
[WhiteElo "2012"]
[BlackElo "1968"]
[PlyCount "57"]
[EventDate "2008.07.19"]
[EventType "swiss"]
[EventRounds "9"]
[EventCountry "ITA"]
[SourceTitle "EXT 2009"]
[Source "ChessBase"]
[SourceDate "2008.11.26"]
[SourceVersion "1"]
[SourceVersionDate "2008.11.26"]
[SourceQuality "1"]

1. c4 e6 2. Nf3 Nf6 3. g3 c6 4. Bg2 d5 5. b3 g6 6. Bb2 Bg7 7. 0-0 0-0 8. d3 Nbd7 9. Nbd2 Qe7 10. Qc2 Rd8 11. a3 a5 12. Rab1 Rb8 13. b4 axb4 14. axb4 b5 15. c5 e5 16. e3 Ra8 17. Ra1 Bb7 18. Nb3 e4 19. dxe4 dxe4 20. Nfd2 Rxa1 21. Rxa1 Re8 22. Ra7 Ba8 23. Bxf6 Bxf6 24. Nxe4 Bg7 25. Nd6 Rd8 26. Qa2 Qf8 27. Nd4 Bxd4 28. exd4 h5 29. Bh3 1-0

[Event "Bari op"]
[Site "Bari"]
[Date "2004.??.??"]
[Round "3"]
[White "Campanile, Roberto"]
[Black "Caputi, Nicola"]
[Result "1-0"]
[WhiteElo "2180"]
[BlackElo "1985"]
[PlyCount "91"]
[EventDate "2004.??.??"]
[EventType "swiss"]
[EventRounds "6"]
[EventCountry "ITA"]
[SourceTitle "EXT 2007"]
[Source "ChessBase"]
[SourceDate "2006.11.23"]
[SourceVersion "1"]
[SourceVersionDate "2006.11.23"]
[SourceQuality "1"]

1. d4 Nf6 2. c4 e6 3. Nc3 Bb4 4. Qc2 0-0 5. Nf3 c5 6. dxc5 Bxc5 7. Bg5 h6 8. Bh4 Be7 9. e3 d6 10. Be2 a6 11. 0-0 Nbd7 12. Rfd1 Qc7 13. Rac1 b6 14. b4 Bb7 15. h3 Rac8 16. Bg3 Rfe8 17. a3 Bf8 18. Nd2 Qb8 19. Bf1 e5 20. e4 Nh5 21. Bh2 g6 22. g3 Ndf6 23. f3 Ng7 24. Qd3 Ne6 25. Nb3 Nh5 26. Nd5 Red8 27. Qe3 Bxd5 28. cxd5 Nc7 29. Rc6 b5 30. Rdc1 Nf6 31. Kg2 Nfe8 32. Bg1 Rd7 33. Na5 Qa8 34. h4 Rcd8 35. Kh2 f5 36. R1c3 Rf7 37. Qc1 Rdd7 38. Bb6 Qb8 39. h5 g5 40. Bh3 Rde7 41. Qc2 fxe4 42. fxe4 Rg7 43. Bf5 Rgf7 44. g4 Rg7 45. Bg6 Rd7 46. Kh3 1-0